[Event "Tamil Nadu IM 9th"]
[Site "Chennai"]
[Date "2023.12.14"]
[Round "7"]
[White "Akshit, Kumar J"]
[Black "Balasubramaniam, H."]
[Result "1/2-1/2"]
[WhiteElo "2229"]
[BlackElo "2213"]
[PlyCount "110"]
[EventDate "2023.12.10"]
[EventType "tourn"]
[EventRounds "9"]
[EventCountry "IND"]
[EventCategory "2"]
[SourceTitle "CB51_2023"]
[SourceDate "2023.12.20"]
[SourceVersion "1"]
[SourceVersionDate "2023.12.20"]
[SourceQuality "1"]

1. e4 e5 2. Nf3 Nc6 3. Bc4 Nf6 4. d3 h6 5. c3 d6 6. 0-0 g5 7. Nbd2 Bg7 8. Bb3 0-0 9. Nc4 Ne7 10. h4 g4 11. Nh2 h5 12. g3 Kh8 13. f3 gxf3 14. Qxf3 Ng4 15. Ne3 f5 16. exf5 Bxf5 17. Nxf5 Rxf5 18. Qe2 Rxf1+ 19. Qxf1 Qf8 20. Bg5 Bf6 21. Nxg4 Bxg5 22. hxg5 Qxf1+ 23. Rxf1 hxg4 24. Rf7 Re8 25. Be6 Nc6 26. Bxg4 Re7 27. Rf6 Rg7 28. Rh6+ Kg8 29. Rh5 Rh7 30. Kg2 Rxh5 31. Bxh5 Nd8 32. Kf3 Ne6 33. Kg4 Nc5 34. d4 exd4 35. cxd4 Na4 36. Kf5 Kg7 37. b3 Nc3 38. a3 Nb5 39. Ke4 Nxa3 40. Kd3 c5 41. Be8 a6 42. Ke4 Nb5 43. dxc5 dxc5 44. Kd5 Nc7+ 45. Kxc5 Nxe8 46. Kb6 Nd6 47. Kc7 Nb5+ 48. Kxb7 Nd4 49. Kxa6 Nxb3 50. Kb5 Kg6 51. Kb4 Nd4 52. Kc4 Nf5 53. g4 Ne3+ 54. Kd3 Nxg4 55. Ke4 Kxg5 1/2-1/2

[Event "Tamil Nadu IM 9th"]
[Site "Chennai"]
[Date "2023.12.11"]
[Round "3"]
[White "Balasubramaniam, H."]
[Black "Rosh, Jain"]
[Result "1/2-1/2"]
[WhiteElo "2213"]
[BlackElo "2236"]
[PlyCount "96"]
[EventDate "2023.12.10"]
[EventType "tourn"]
[EventRounds "9"]
[EventCountry "IND"]
[EventCategory "2"]
[SourceTitle "CB51_2023"]
[SourceDate "2023.12.20"]
[SourceVersion "1"]
[SourceVersionDate "2023.12.20"]
[SourceQuality "1"]

1. e4 c5 2. Nc3 e6 3. g3 Nc6 4. Bg2 Nf6 5. Nge2 d5 6. d3 dxe4 7. Nxe4 Nxe4 8. Bxe4 Be7 9. 0-0 0-0 10. Nf4 e5 11. Nd5 Bd6 12. f4 f5 13. Bg2 Be6 14. c4 Kh8 15. Kh1 Qd7 16. Be3 Nd4 17. Bxd4 exd4 18. Qd2 Bxd5 19. Bxd5 Rae8 20. Rae1 b6 21. Kg2 g6 22. h4 Kg7 23. Rh1 Rxe1 24. Rxe1 Re8 25. Kf3 Kf6 26. Rxe8 Qxe8 27. Qe2 Qxe2+ 28. Kxe2 h6 29. Kf3 g5 30. hxg5+ hxg5 31. fxg5+ Kxg5 32. Be6 Kf6 33. Bd7 Ke5 34. g4 fxg4+ 35. Bxg4 Be7 36. Ke2 Kd6 37. Kd2 Bg5+ 38. Kc2 Kc7 39. Kb3 Bc1 40. Kc2 Be3 41. Kb3 Bc1 42. Bf3 Kb8 43. Kc2 Be3 44. Kb3 a6 45. Kc2 Ka7 46. Bc6 Kb8 47. Bf3 Ka7 48. Bc6 Kb8 1/2-1/2

[Event "Bikaner op 1st"]
[Site "Bikaner"]
[Date "2022.10.07"]
[Round "8"]
[White "Aaditya, Dhingra"]
[Black "Balasubramaniam, H."]
[Result "1/2-1/2"]
[WhiteElo "2154"]
[BlackElo "2298"]
[PlyCount "67"]
[EventDate "2022.10.01"]
[EventType "swiss"]
[EventRounds "10"]
[EventCountry "IND"]
[SourceTitle "CBM 210 Extra"]
[Source "ChessBase"]
[SourceDate "2022.11.30"]
[SourceVersion "1"]
[SourceVersionDate "2022.11.30"]
[SourceQuality "1"]

1. e4 c5 2. Nf3 Nf6 3. Nc3 d5 4. e5 Nfd7 5. Nxd5 Nxe5 6. Bb5+ Nec6 7. Ne3 a6 8. Be2 g6 9. Rb1 Bg7 10. a3 a5 11. 0-0 0-0 12. Bb5 Nd4 13. Nxd4 cxd4 14. Nc4 Bd7 15. Bxd7 Nxd7 16. a4 Nb6 17. b3 Nd5 18. Ba3 Re8 19. f4 Ra6 20. g3 Qd7 21. Qf3 Nb4 22. Bxb4 axb4 23. d3 b6 24. f5 Bf6 25. fxg6 hxg6 26. Ne5 Qd6 27. Ng4 Kg7 28. Rbe1 Raa8 29. Qf4 Qxf4 30. Rxf4 Red8 31. Nxf6 exf6 32. Ree4 g5 33. Rf5 Ra5 34. Rf2 1/2-1/2

[Event "Bikaner op 1st"]
[Site "Bikaner"]
[Date "2022.10.02"]
[Round "3"]
[White "Balasubramaniam, H."]
[Black "Sarthak, Rawat"]
[Result "1/2-1/2"]
[WhiteElo "2298"]
[BlackElo "1827"]
[PlyCount "80"]
[EventDate "2022.10.01"]
[EventType "swiss"]
[EventRounds "10"]
[EventCountry "IND"]
[SourceTitle "CBM 210 Extra"]
[Source "ChessBase"]
[SourceDate "2022.11.30"]
[SourceVersion "1"]
[SourceVersionDate "2022.11.30"]
[SourceQuality "1"]

1. b3 e5 2. Bb2 d6 3. c4 Nc6 4. e3 g6 5. a3 Bg7 6. Nc3 Nf6 7. g3 Bg4 8. Qc2 0-0 9. Bg2 Qc8 10. Nge2 Bh3 11. 0-0 Bxg2 12. Kxg2 Ne7 13. Rac1 c6 14. d4 Qe6 15. dxe5 dxe5 16. Rfd1 Rad8 17. a4 Rfe8 18. a5 g5 19. Na4 Ng6 20. h3 Bf8 21. Rxd8 Rxd8 22. Rd1 Re8 23. Nc1 h5 24. Nd3 Qf5 25. Qe2 Rd8 26. Bc3 g4 27. h4 Ne4 28. Be1 Be7 29. f3 Nf6 30. Nf2 gxf3+ 31. Qxf3 Qxf3+ 32. Kxf3 Rxd1 33. Nxd1 e4+ 34. Ke2 Nd7 35. b4 Nge5 36. Ndb2 f5 37. Bc3 Kf7 38. b5 a6 39. bxa6 bxa6 40. Nb6 Ke6 1/2-1/2

[Event "Mumbai Wealth op 4th"]
[Site "Mumbai"]
[Date "2019.01.05"]
[Round "7"]
[White "Balasubramaniam, H."]
[Black "Das, Sayantan"]
[Result "0-1"]
[WhiteElo "2270"]
[BlackElo "2453"]
[PlyCount "132"]
[EventDate "2018.12.30"]
[EventType "swiss"]
[EventRounds "9"]
[EventCountry "IND"]
[SourceTitle "CBM 188 Extra"]
[Source "ChessBase"]
[SourceDate "2019.02.26"]
[SourceVersion "1"]
[SourceVersionDate "2019.02.26"]
[SourceQuality "1"]

1. e4 c5 2. c3 e6 3. d4 d5 4. exd5 exd5 5. Nf3 Nc6 6. Be2 Nf6 7. 0-0 Be6 8. dxc5 Bxc5 9. b4 Bb6 10. b5 Ne7 11. Nd4 0-0 12. Nd2 Rc8 13. Bb2 Nf5 14. Bd3 Nxd4 15. cxd4 Bg4 16. f3 Bh5 17. a4 Bg6 18. Bxg6 hxg6 19. Nb3 Nh5 20. Qd2 Rc4 21. g4 Nf6 22. Qd3 Rc8 23. Nc5 Nd7 24. Nxd7 Qxd7 25. Rac1 Rfe8 26. Qd2 Rxc1 27. Rxc1 Qe7 28. Kf1 Ba5 29. Bc3 Bxc3 30. Rxc3 Qb4 31. Qc2 Kh7 32. Kg2 Qxd4 33. Rd3 Qe5 34. Qd2 Rd8 35. Rd4 b6 36. Kg1 Qd6 37. Kg2 Qc5 38. Qd3 Rd6 39. Qd2 Rd7 40. Qd3 Qd6 41. Qd2 Qe5 42. Qd3 Rd6 43. Qd2 g5 44. Qd3+ Kg8 45. Qd2 Rh6 46. Kh1 Rd6 47. Kg2 Rd7 48. Qd3 Rd8 49. Qd2 Rd6 50. Kg1 g6 51. Kg2 Kg7 52. Qd3 Rd8 53. Qd2 Rh8 54. f4 gxf4 55. Rxd5 f3+ 56. Kf1 Rxh2 57. Rxe5 Rxd2 58. Re7 Kf6 59. Rxa7 Kg5 60. a5 bxa5 61. Rxf7 Kxg4 62. b6 Rb2 63. b7 g5 64. Ke1 Kg3 65. Rf5 g4 66. Rxa5 f2+ 0-1

[Event "Mumbai Wealth op 4th"]
[Site "Mumbai"]
[Date "2019.01.02"]
[Round "4"]
[White "Nguyen, Van Huy"]
[Black "Balasubramaniam, H."]
[Result "0-1"]
[WhiteElo "2438"]
[BlackElo "2270"]
[PlyCount "144"]
[EventDate "2018.12.30"]
[EventType "swiss"]
[EventRounds "9"]
[EventCountry "IND"]
[SourceTitle "CBM 188 Extra"]
[Source "ChessBase"]
[SourceDate "2019.02.26"]
[SourceVersion "1"]
[SourceVersionDate "2019.02.26"]
[SourceQuality "1"]

1. d4 Nf6 2. c4 e6 3. Nf3 c5 4. d5 exd5 5. cxd5 d6 6. Nc3 g6 7. Nd2 a6 8. a4 Bg7 9. e4 0-0 10. Be2 Nbd7 11. 0-0 Ne8 12. Nc4 Ne5 13. Ne3 Rb8 14. f4 Nd7 15. Kh1 Nef6 16. Nc4 Nb6 17. Ne3 Nbd7 18. Qc2 Re8 19. Nc4 Nb6 20. e5 Bf5 21. Qd1 dxe5 22. Nxb6 Qxb6 23. fxe5 Ne4 24. Nxe4 Bxe4 25. Bf3 Bxf3 26. Qxf3 Qc7 27. Bf4 Bxe5 28. Bxe5 Rxe5 29. d6 Qd7 30. a5 Rd8 31. Rae1 Rxe1 32. Rxe1 Qxd6 33. h3 Qd2 34. Re2 Qd1+ 35. Kh2 Kg7 36. Qc3+ Qd4 37. Qf3 Rd7 38. Kh1 Qf6 39. Rf2 Qxf3 40. Rxf3 Rd1+ 41. Kh2 Ra1 42. Rb3 Rxa5 43. Rxb7 Rb5 44. Rc7 a5 45. Rc6 a4 46. h4 Rxb2 47. Rxc5 a3 48. Ra5 a2 49. Kg3 h6 50. Kf3 Kf6 51. g4 Ke6 52. Ke4 Rh2 53. h5 gxh5 54. Ra6+ Kd7 55. gxh5 Kc7 56. Kd4 Kb7 57. Ra5 Kb6 58. Ra8 Kb5 59. Kc3 f5 60. Rb8+ Kc5 61. Rc8+ Kd5 62. Rd8+ Ke4 63. Re8+ Kf3 64. Ra8 f4 65. Kd3 Rxh5 66. Rxa2 Rd5+ 67. Kc4 Rd8 68. Rh2 Rd6 69. Kc5 Rg6 70. Kd4 Kg3 71. Rh1 Kg2 72. Rh5 f3 0-1

[Event "Mumbai Wealth op 4th"]
[Site "Mumbai"]
[Date "2018.12.31"]
[Round "2"]
[White "Rahman, Ziaur"]
[Black "Balasubramaniam, H."]
[Result "1/2-1/2"]
[WhiteElo "2468"]
[BlackElo "2270"]
[PlyCount "143"]
[EventDate "2018.12.30"]
[EventType "swiss"]
[EventRounds "9"]
[EventCountry "IND"]
[SourceTitle "CBM 188 Extra"]
[Source "ChessBase"]
[SourceDate "2019.02.26"]
[SourceVersion "1"]
[SourceVersionDate "2019.02.26"]
[SourceQuality "1"]

1. d4 Nf6 2. Bg5 d5 3. e3 e6 4. Nd2 Be7 5. Bd3 0-0 6. Ngf3 Nbd7 7. c3 b6 8. b4 Bb7 9. Qb1 h6 10. Bh4 Ng4 11. Bg3 Bd6 12. c4 Bxg3 13. hxg3 f5 14. cxd5 Bxd5 15. Bc4 Ndf6 16. Bxd5 Qxd5 17. 0-0 Rf7 18. Qb3 a5 19. b5 a4 20. Qc4 Ra5 21. Rab1 Ne4 22. Qxd5 exd5 23. Nxe4 fxe4 24. Nh2 Nf6 25. Rfc1 h5 26. Rb4 Ne8 27. g4 g6 28. gxh5 gxh5 29. Nf1 Nd6 30. Rcb1 h4 31. Nd2 Rg7 32. Kh2 Ra8 33. f3 Kh8 34. Re1 a3 35. fxe4 dxe4 36. Nc4 Nf5 37. Rf1 Nh6 38. Ne5 Rag8 39. Rf2 Rg5 40. Rc4 R8g7 41. Rc3 Re7 42. Rf4 Reg7 43. Rc2 Nf5 44. Rxe4 Rg3 45. Nc4 h3 46. gxh3 Rh7 47. Re8+ Kg7 48. Re7+ Nxe7 49. Kxg3 Nf5+ 50. Kh2 Kf6 51. Rf2 Ke6 52. Nxa3 Nd6 53. Nb1 Nxb5 54. a4 Nd6 55. Nc3 c5 56. dxc5 bxc5 57. a5 Ra7 58. Ra2 Ra6 59. Ra4 Nb7 60. Kg3 Rxa5 61. Rxa5 Nxa5 62. Kf4 Nc6 63. h4 Ne5 64. Ne4 c4 65. Nc3 Kf6 66. Ke4 Ng4 67. Kf4 Ne5 68. h5 Nd3+ 69. Kg4 Ne5+ 70. Kh4 Nf3+ 71. Kg3 Ne5 72. Kf4 1/2-1/2

[Event "Mumbai Wealth op 4th"]
[Site "Mumbai"]
[Date "2018.12.30"]
[Round "1"]
[White "Balasubramaniam, H."]
[Black "Kishor, Shazzad"]
[Result "1-0"]
[WhiteElo "2270"]
[BlackElo "1730"]
[PlyCount "56"]
[EventDate "2018.12.30"]
[EventType "swiss"]
[EventRounds "9"]
[EventCountry "IND"]
[SourceTitle "CBM 188 Extra"]
[Source "ChessBase"]
[SourceDate "2019.02.26"]
[SourceVersion "1"]
[SourceVersionDate "2019.02.26"]
[SourceQuality "1"]

1. e4 e6 2. d4 d5 3. Nc3 dxe4 4. Nxe4 Nf6 5. Bd3 Nxe4 6. Bxe4 Nd7 7. Nf3 Nf6 8. Bd3 Be7 9. 0-0 0-0 10. Ne5 c5 11. dxc5 Bxc5 12. Qe2 Bd6 13. Bg5 Bxe5 14. Qxe5 Qd5 15. Bxf6 gxf6 16. Qxf6 Qd8 17. Qh6 f5 18. Bc4 Qf6 19. Qxf6 Rxf6 20. Rad1 Kg7 21. Rd8 a6 22. Rfd1 Rf8 23. Rxf8 Kxf8 24. Rd8+ Ke7 25. Rh8 Kd6 26. Re8 a5 27. Bxe6 Bxe6 28. Rxa8 f4 1-0

[Event "Pardubice Czech op-A 29th"]
[Site "Pardubice"]
[Date "2018.07.27"]
[Round "8"]
[White "Balasubramaniam, H."]
[Black "Kathmale, Sameer"]
[Result "0-1"]
[WhiteElo "2219"]
[BlackElo "2323"]
[PlyCount "152"]
[EventDate "2018.07.20"]
[EventType "swiss"]
[EventRounds "9"]
[EventCountry "CZE"]
[SourceTitle "CBM 185 Extra"]
[Source "ChessBase"]
[SourceDate "2018.07.29"]
[SourceVersion "1"]
[SourceVersionDate "2018.07.29"]
[SourceQuality "1"]

1. e4 c6 2. Nf3 d5 3. Nc3 g6 4. d4 Bg7 5. h3 dxe4 6. Nxe4 Nf6 7. Ng3 0-0 8. Bc4 c5 9. 0-0 cxd4 10. Nxd4 a6 11. Be3 Qc7 12. Qe2 Nbd7 13. a4 b6 14. Rfd1 Bb7 15. Bg5 e5 16. Nb3 h6 17. Be3 Rfc8 18. Nd2 Nd5 19. Bxd5 Bxd5 20. Nde4 Qc6 21. Qd3 Be6 22. Nc3 Bf8 23. Qe4 f5 24. Qxc6 Rxc6 25. f4 exf4 26. Bxf4 g5 27. Bc1 Nf6 28. Nge2 Bc5+ 29. Kh1 f4 30. Nd4 Bxd4 31. Rxd4 Bf5 32. Bd2 Bxc2 33. Rc1 Bb3 34. Re1 Kf7 35. Ne4 Nd5 36. Nc3 Ne7 37. Rd7 Be6 38. Nd5 Re8 39. Rxe7+ Rxe7 40. Nxe7 Kxe7 41. Bc3 Kf7 42. Re4 Bf5 43. Rd4 Bc2 44. Kg1 Ke6 45. Kf2 Bf5 46. Rd8 Kf7 47. Rd4 Re6 48. Rd7+ Kg6 49. Rd4 a5 50. Rd8 Kh5 51. Rd5 Bc2 52. Rd4 Bb3 53. Be1 Bc2 54. Bc3 Be4 55. Bd2 Bb7 56. b4 axb4 57. Bxb4 Re3 58. Rd6 Rb3 59. Rxb6 Rb2+ 60. Kg1 Bxg2 61. a5 Bxh3 62. a6 Bg2 63. a7 Bf3 64. Rb8 Ra2 65. Bc5 Kg4 66. Rb1 h5 67. Rb5 Ra1+ 68. Kf2 Ra2+ 69. Kg1 Bc6 70. Rb6 Kg3 71. Rb3+ Bf3 72. Bf2+ Kg4 73. Bd4 h4 74. Rb2 Ra1+ 75. Kf2 h3 76. Rb8 Ra2+ 0-1

[Event "Pardubice Czech op-A 29th"]
[Site "Pardubice"]
[Date "2018.07.20"]
[Round "1"]
[White "Biolek, Richard Jr"]
[Black "Balasubramaniam, H."]
[Result "1/2-1/2"]
[WhiteElo "2469"]
[BlackElo "2219"]
[PlyCount "59"]
[EventDate "2018.07.20"]
[EventType "swiss"]
[EventRounds "9"]
[EventCountry "CZE"]
[SourceTitle "CBM 185 Extra"]
[Source "ChessBase"]
[SourceDate "2018.07.29"]
[SourceVersion "1"]
[SourceVersionDate "2018.07.29"]
[SourceQuality "1"]

1. e4 c5 2. Nf3 e6 3. d4 cxd4 4. Nxd4 a6 5. Bd3 Nf6 6. 0-0 Qc7 7. Kh1 d6 8. c4 Be7 9. Nc3 0-0 10. Be3 Nbd7 11. Rc1 b6 12. b3 Bb7 13. f3 Rac8 14. Qe2 Rfe8 15. Qf2 Qb8 16. Rfd1 Bd8 17. Bf1 Bc7 18. Qh4 Ne5 19. Bg1 Ng6 20. Qf2 Nh5 21. Nde2 Rcd8 22. Na4 d5 23. cxd5 exd5 24. exd5 Ngf4 25. Nac3 Nxe2 26. Nxe2 Rd6 27. Ng3 Rxd5 28. Nxh5 Rxh5 29. h3 Rd8 30. Rxd8+ 1/2-1/2

[Event "Warsaw Najdorf Memorial op-A 16th"]
[Site "Warsaw"]
[Date "2018.07.15"]
[Round "8"]
[White "Kosakowski, Jakub"]
[Black "Balasubramaniam, H."]
[Result "1-0"]
[WhiteElo "2324"]
[BlackElo "2219"]
[PlyCount "107"]
[EventDate "2018.07.08"]
[EventType "swiss"]
[EventRounds "9"]
[EventCountry "POL"]
[SourceTitle "CBM 185 Extra"]
[Source "ChessBase"]
[SourceDate "2018.07.29"]
[SourceVersion "1"]
[SourceVersionDate "2018.07.29"]
[SourceQuality "1"]

1. e4 c5 2. Nf3 e6 3. d4 cxd4 4. Nxd4 a6 5. c4 Nf6 6. Nc3 Qc7 7. Be2 b6 8. 0-0 Bb7 9. Qd3 d6 10. f4 Nbd7 11. b4 Be7 12. Be3 0-0 13. Rac1 Rac8 14. a3 Rfe8 15. g4 Nf8 16. g5 N6d7 17. h4 Qb8 18. h5 Bd8 19. Bg4 f6 20. g6 h6 21. Bd2 f5 22. exf5 Nf6 23. Bh3 e5 24. Ne6 Nxh5 25. Nd5 e4 26. Qb3 Bxd5 27. cxd5 Rxc1 28. Rxc1 b5 29. f6 Nxf6 30. Nxf8 Rxf8 31. Be6+ Kh8 32. Be3 Nh5 33. Rc8 Qb7 34. Qc2 Qe7 35. Qh2 Nf6 36. Bd4 Ng8 37. Rc3 Qb7 38. Rc8 Qe7 39. Qf2 Bc7 40. Rxf8 Qxf8 41. Qe3 Nf6 42. Qc3 Qd8 43. Kf1 Nh5 44. f5 Qe7 45. Qc1 e3 46. Bxe3 Bd8 47. Qc6 Nf6 48. Bf4 Ne4 49. Ke2 Bc7 50. Kd3 Nf2+ 51. Kc2 Ne4 52. Kb3 Nf2 53. f6 gxf6 54. Bxh6 1-0

[Event "Warsaw Najdorf Memorial op-A 16th"]
[Site "Warsaw"]
[Date "2018.07.13"]
[Round "6"]
[White "Balasubramaniam, H."]
[Black "Miroshnichenko, Pavel"]
[Result "1/2-1/2"]
[WhiteElo "2219"]
[BlackElo "2304"]
[PlyCount "57"]
[EventDate "2018.07.08"]
[EventType "swiss"]
[EventRounds "9"]
[EventCountry "POL"]
[SourceTitle "CBM 185 Extra"]
[Source "ChessBase"]
[SourceDate "2018.07.29"]
[SourceVersion "1"]
[SourceVersionDate "2018.07.29"]
[SourceQuality "1"]

1. e4 g6 2. d4 Bg7 3. Nf3 d6 4. Nc3 a6 5. a4 Nf6 6. Be2 0-0 7. h3 b6 8. 0-0 Bb7 9. e5 Nd5 10. Nxd5 Bxd5 11. c4 Bb7 12. e6 Bxf3 13. Bxf3 c6 14. exf7+ Kh8 15. Qb3 Bxd4 16. Rd1 Bg7 17. Be3 Nd7 18. Bxc6 Rb8 19. Bxd7 Qxd7 20. Bxb6 Qf5 21. Qe3 Qxf7 22. Bd4 Bxd4 23. Qxd4+ Qg7 24. Qxg7+ Kxg7 25. Rd2 Rb4 26. Rc2 Rfb8 27. c5 Rxb2 28. Rxb2 Rxb2 29. Rc1 1/2-1/2

[Event "Warsaw Najdorf Memorial op-A 16th"]
[Site "Warsaw"]
[Date "2018.07.11"]
[Round "4"]
[White "Balasubramaniam, H."]
[Black "Paszewski, Mateusz"]
[Result "0-1"]
[WhiteElo "2219"]
[BlackElo "2293"]
[PlyCount "60"]
[EventDate "2018.07.08"]
[EventType "swiss"]
[EventRounds "9"]
[EventCountry "POL"]
[SourceTitle "CBM 185 Extra"]
[Source "ChessBase"]
[SourceDate "2018.07.29"]
[SourceVersion "1"]
[SourceVersionDate "2018.07.29"]
[SourceQuality "1"]

1. e4 c5 2. Nc3 Nc6 3. Bb5 Nd4 4. Bc4 a6 5. a4 g6 6. Nf3 Bg7 7. 0-0 e6 8. d3 Ne7 9. Re1 d6 10. Nxd4 cxd4 11. Ne2 d5 12. Bb3 0-0 13. Ng3 dxe4 14. Nxe4 h6 15. Qf3 Nd5 16. Bd2 Bd7 17. Qh3 g5 18. Qg3 Bc6 19. a5 Qe7 20. Nd6 f5 21. Nc4 Rae8 22. f4 Kh8 23. fxg5 f4 24. Qh3 Qxg5 25. Nd6 Ne3 26. Bxe3 dxe3 27. Nxe8 f3 28. Kh1 fxg2+ 29. Kg1 e2 30. Nf6 Qc5+ 0-1

[Event "Sharjah Masters 2nd"]
[Site "Sharjah"]
[Date "2018.04.15"]
[Round "5"]
[White "Pranav, Vijay"]
[Black "Balasubramaniam, H."]
[Result "1-0"]
[WhiteElo "2366"]
[BlackElo "2060"]
[PlyCount "136"]
[EventDate "2018.04.12"]
[EventType "swiss"]
[EventRounds "9"]
[EventCountry "UAE"]
[SourceTitle "CBM 184 Extra"]
[Source "ChessBase"]
[SourceDate "2018.06.28"]
[SourceVersion "1"]
[SourceVersionDate "2018.06.28"]
[SourceQuality "1"]

1. e4 c5 2. Nf3 e6 3. d3 Nc6 4. g3 g6 5. Bg2 Bg7 6. 0-0 Nge7 7. Qe2 d6 8. c3 e5 9. Nbd2 0-0 10. Nh4 g5 11. Nhf3 Ng6 12. h3 h6 13. Nc4 f5 14. Nh2 f4 15. Qh5 Kh7 16. Bf3 Be6 17. Bg4 Bf7 18. Bf5 Nce7 19. Qe2 Nxf5 20. exf5 Ne7 21. g4 Nc6 22. Rd1 Bf6 23. Nf3 Re8 24. Ncd2 d5 25. Qf1 Qc7 26. c4 Nd4 27. Nxd4 exd4 28. cxd5 Bxd5 29. Ne4 Bxe4 30. dxe4 Rxe4 31. Qc4 Kg7 32. Bd2 b6 33. Rac1 Qf7 34. Qb5 Qe8 35. Qa6 Qc8 36. Qd3 Re7 37. b4 Rc7 38. bxc5 Rxc5 39. Rxc5 Qxc5 40. Rc1 Qd6 41. h4 Qd7 42. h5 Rc8 43. Re1 Qd5 44. Qa3 Rc7 45. Re6 Qc5 46. Qd3 Qc2 47. Qe2 Qc4 48. Qe4 Qc2 49. Qe2 Qc4 50. Qe1 Rf7 51. Qe4 Qxa2 52. Rxf6 Rxf6 53. Qxd4 Qf7 54. Bc3 Qe7 55. Qd5 Kh7 56. Bxf6 Qxf6 57. Qd7+ Kg8 58. Qxa7 Kh8 59. Qb7 Kg8 60. Kg2 Kh8 61. Qc8+ Kg7 62. Kf3 Qd6 63. Qb7+ Kf6 64. Kg2 Ke5 65. Qg7+ Ke4 66. f6 f3+ 67. Kh3 Qd1 68. Qe7+ Kd5 1-0

[Event "Dubai op 20th"]
[Site "Dubai"]
[Date "2018.04.08"]
[Round "7"]
[White "Balasubramaniam, H."]
[Black "Arjun, Kalyan"]
[Result "1/2-1/2"]
[WhiteElo "2060"]
[BlackElo "2397"]
[PlyCount "61"]
[EventDate "2018.04.02"]
[EventType "swiss"]
[EventRounds "9"]
[EventCountry "UAE"]
[SourceTitle "CBM 183 Extra"]
[Source "ChessBase"]
[SourceDate "2018.04.19"]
[SourceVersion "1"]
[SourceVersionDate "2018.04.19"]
[SourceQuality "1"]

1. e4 e5 2. Nf3 Nc6 3. Bb5 a6 4. Ba4 Nf6 5. d3 d6 6. c4 g6 7. Nc3 h6 8. Nd5 Bg7 9. Nb4 Bd7 10. Nxc6 bxc6 11. c5 0-0 12. 0-0 Qe7 13. Qc2 d5 14. Nd2 Nh5 15. Nb3 Nf4 16. Na5 Qe6 17. f3 g5 18. Bxf4 exf4 19. Nb3 Rab8 20. a3 Qg6 21. Rab1 Be6 22. Na5 Bd7 23. exd5 Bf5 24. Nxc6 Rbe8 25. Rbd1 Re3 26. Rfe1 Rfe8 27. Rxe3 fxe3 28. Nb4 Rb8 29. Nc6 Re8 30. Nb4 Rb8 31. Nc6 1/2-1/2

[Event "Mumbai Wealth op 3rd"]
[Site "Mumbai"]
[Date "2018.01.05"]
[Round "7"]
[White "Girish, A Koushnik"]
[Black "Balasubramaniam, H."]
[Result "1-0"]
[WhiteElo "2412"]
[BlackElo "2147"]
[PlyCount "69"]
[EventDate "2017.12.30"]
[EventType "swiss"]
[EventRounds "9"]
[EventCountry "IND"]
[SourceTitle "CBM 182 Extra"]
[Source "ChessBase"]
[SourceDate "2018.02.23"]
[SourceVersion "1"]
[SourceVersionDate "2018.02.23"]
[SourceQuality "1"]

1. d4 Nf6 2. Bg5 e6 3. Nd2 c5 4. e3 d5 5. c3 Be7 6. Bd3 Nbd7 7. Ngf3 b6 8. 0-0 Bb7 9. Ne5 Nxe5 10. dxe5 Nd7 11. Bxe7 Qxe7 12. f4 0-0-0 13. a4 f6 14. a5 c4 15. Bc2 fxe5 16. axb6 axb6 17. Nf3 Qc5 18. Kh1 Qxe3 19. Nd4 exd4 20. Rf3 Qxf3 21. Qxf3 d3 22. Bd1 Rhf8 23. Qe3 Rxf4 24. Bf3 Rf6 25. Kg1 Nc5 26. Qe5 Nb3 27. Rd1 Nc5 28. h4 Rd7 29. Bg4 Rdf7 30. Qd6 Ne4 31. Bxe6+ Rxe6 32. Qxe6+ Rd7 33. Qxb6 Ng3 34. Kh2 Nf5 35. Qc5+ 1-0

[Event "Mumbai Wealth op 3rd"]
[Site "Mumbai"]
[Date "2018.01.03"]
[Round "5"]
[White "Karthik, Gopal G"]
[Black "Balasubramaniam, H."]
[Result "1/2-1/2"]
[WhiteElo "1805"]
[BlackElo "2147"]
[PlyCount "87"]
[EventDate "2017.12.30"]
[EventType "swiss"]
[EventRounds "9"]
[EventCountry "IND"]
[SourceTitle "CBM 182 Extra"]
[Source "ChessBase"]
[SourceDate "2018.02.23"]
[SourceVersion "1"]
[SourceVersionDate "2018.02.23"]
[SourceQuality "1"]

1. e4 c5 2. c3 Nf6 3. e5 Nd5 4. d4 cxd4 5. cxd4 d6 6. Nf3 e6 7. a3 Nc6 8. Bd3 dxe5 9. dxe5 g6 10. 0-0 Bg7 11. Qe2 0-0 12. Bd2 Bd7 13. Nc3 Nce7 14. Ne4 Bc6 15. b4 b6 16. b5 Bb7 17. Nd6 Qd7 18. Rad1 Nc8 19. Nxb7 Qxb7 20. Be4 Nce7 21. Bb4 Rfd8 22. Rd2 Qc7 23. Bd6 Qd7 24. Bb4 Rac8 25. Rfd1 Qe8 26. Qd3 Bh6 27. Bxe7 Qxe7 28. Rc2 Nf4 29. Qf1 Qxa3 30. Rxc8 Rxc8 31. g3 Nd5 32. Bxd5 exd5 33. Qh3 Rc2 34. Nd4 Rc1 35. Rxc1 Qxc1+ 36. Kg2 Qb2 37. Qxh6 Qxd4 38. Qg5 Qe4+ 39. Kg1 h6 40. Qd8+ Kh7 41. Qf6 Kg8 42. Qd8+ Kh7 43. Qf6 Kg8 44. Qd8+ 1/2-1/2

[Event "Mumbai Wealth op 3rd"]
[Site "Mumbai"]
[Date "2017.12.31"]
[Round "2"]
[White "Balasubramaniam, H."]
[Black "Pranesh, M."]
[Result "1/2-1/2"]
[WhiteElo "2147"]
[BlackElo "1977"]
[PlyCount "81"]
[EventDate "2017.12.30"]
[EventType "swiss"]
[EventRounds "9"]
[EventCountry "IND"]
[SourceTitle "CBM 182 Extra"]
[Source "ChessBase"]
[SourceDate "2018.02.23"]
[SourceVersion "1"]
[SourceVersionDate "2018.02.23"]
[SourceQuality "1"]

1. b3 Nf6 2. Bb2 g6 3. c4 Bg7 4. Nf3 c5 5. e3 d6 6. Be2 0-0 7. 0-0 b6 8. d3 Nbd7 9. Nbd2 e5 10. d4 Qe7 11. dxe5 dxe5 12. Ng5 Bb7 13. Bf3 Bxf3 14. Qxf3 h6 15. Nge4 Nxe4 16. Nxe4 f5 17. Nc3 Rad8 18. Nd5 Qf7 19. e4 fxe4 20. Qxe4 Nf6 21. Nxf6+ Qxf6 22. f3 Qf5 23. Qxf5 gxf5 24. Rfe1 Rfe8 25. Rad1 Rxd1 26. Rxd1 Kf7 27. f4 Re7 28. fxe5 Bxe5 29. Bxe5 Rxe5 30. Rd7+ Re7 31. Rxe7+ Kxe7 32. Kf2 Ke6 33. Ke3 Ke5 34. g3 Ke6 35. Kf4 Kf6 36. a3 a6 37. a4 a5 38. h3 Ke6 39. g4 fxg4 40. Kxg4 Kf6 41. Kf4 1/2-1/2

[Event "Bodensee op"]
[Site "Bregenz"]
[Date "2017.05.24"]
[Round "5"]
[White "Balasubramaniam, H."]
[Black "Sergeev, Vladimir"]
[Result "0-1"]
[WhiteElo "2165"]
[BlackElo "2444"]
[PlyCount "134"]
[EventDate "2017.05.20"]
[EventType "swiss"]
[EventRounds "9"]
[EventCountry "AUT"]
[SourceTitle "CBM 178 Extra"]
[Source "ChessBase"]
[SourceDate "2017.06.22"]
[SourceVersion "1"]
[SourceVersionDate "2017.06.22"]
[SourceQuality "1"]

1. e4 c5 2. Nf3 a6 3. c3 Nf6 4. e5 Nd5 5. d4 cxd4 6. cxd4 e6 7. Be2 d6 8. 0-0 Be7 9. Nc3 Nxc3 10. bxc3 Nc6 11. Bf4 0-0 12. Bd3 dxe5 13. dxe5 b5 14. a4 bxa4 15. Rxa4 Qd7 16. Qc2 g6 17. h3 Rd8 18. Be4 Bb7 19. Rb1 a5 20. Rc4 Rac8 21. Qa4 Ba8 22. Rb6 Na7 23. Bxa8 Qxa4 24. Rxa4 Rxa8 25. Ra6 Nb5 26. R4xa5 Rxa6 27. Rxa6 Nxc3 28. Kh2 Ne4 29. Be3 Bc5 30. Bxc5 Nxc5 31. Ra2 Rd5 32. g3 Nd3 33. Re2 h6 34. h4 Kf8 35. Kg2 Ke7 36. Kf1 Rc5 37. Re3 Rc1+ 38. Ke2 Nb4 39. Rb3 Rc2+ 40. Kf1 Rc1+ 41. Kg2 Nd5 42. Rb7+ Kf8 43. Rb8+ Kg7 44. Rb7 Rd1 45. Rb2 Rd3 46. Rb7 Rd1 47. Rb2 Ra1 48. Rb7 Ra4 49. Nd2 g5 50. hxg5 hxg5 51. Nf3 Kg6 52. Rb8 g4 53. Nh2 Kg7 54. Rb2 Re4 55. Kf1 Kg6 56. Rb8 Ne7 57. Re8 Nc6 58. Rg8+ Kf5 59. Kg2 Nxe5 60. Nf1 Nc4 61. Rc8 Ke5 62. Rd8 Re2 63. Kg1 Rc2 64. Rc8 Rc1 65. Rc5+ Kd6 66. Rc8 Kd7 67. Rc5 f5 0-1